Movies Quiz

Random Movies or Clickable Quiz
Score 0/12 Timer 02:00
45 Plays Today
% Correct
Belle
89.9%
Mulan
88.1%
Elsa
86.4%
Cinderella
86.2%
Esmeralda
85.4%
Anna
83.1%
Ariel
81.1%
Aurora
80.6%
Jane Porter
79.3%
Jasmine
74.4%
Tiana
66.2%
Snow White
64.4%

You're not logged in!

Compare scores with friends on all Sporcle quizzes.
OR
Log In

Sporcle TV

Today on Sporcle TV


Watch our educational content, quiz creation guides, and fun videos on Sporcle TV.

Show Comments

Extras

Top Quizzes Today


Score Distribution

Paid Content

Your Account Isn't Verified!

In order to create a playlist on Sporcle, you need to verify the email address you used during registration. Go to your Sporcle Settings to finish the process.

Report this User

Report this user for behavior that violates our Community Guidelines.

Details: